MARC details
| 000 -CABECERA |
| campo de control de longitud fija |
02875nam a22003617a 4500 |
| 003 - IDENTIFICADOR DEL NÚMERO DE CONTROL |
| campo de control |
DO-SdBNP |
| 005 - FECHA Y HORA DE LA ÚLTIMA TRANSACCIÓN |
| campo de control |
20260305074000.0 |
| 007 - CAMPO FIJO DE DESCRIPCIÓN FÍSICA--INFORMACIÓN GENERAL |
| campo de control de longitud fija |
ta |
| 008 - DATOS DE LONGITUD FIJA--INFORMACIÓN GENERAL |
| campo de control de longitud fija |
110301s2002 dr ac e 000 0 spa d |
| 020 ## - NÚMERO INTERNACIONAL ESTÁNDAR DEL LIBRO |
| Número Internacional Estándar del Libro |
9993483184 |
| 040 ## - FUENTE DE LA CATALOGACIÓN |
| Centro catalogador/agencia de origen |
DO-SdBNP |
| Lengua de catalogación |
spa |
| Centro/agencia transcriptor |
BNPHU |
| 041 ## - CÓDIGO DE LENGUA |
| Código de lengua del texto/banda sonora o título independiente |
spa |
| Código de lengua del texto cantado o hablado |
eng |
| 082 #4 - NÚMERO DE LA CLASIFICACIÓN DECIMAL DEWEY |
| Número de clasificación |
709.7293 |
| Número de documento/Ítem |
G377s |
| Número de edición |
22 |
| 100 1# - ENTRADA PRINCIPAL--NOMBRE DE PERSONA |
| Nombre de persona |
Gerón, Candido, |
| Fechas asociadas al nombre |
1948- |
| 9 (RLIN) |
3577 |
| 245 10 - MENCIÓN DE TÍTULO |
| Título |
Siglo XX en las artes visuales dominicanas = The XX century in dominican visual arts / |
| Mención de responsabilidad, etc. |
Cándido Gerón ; traducción, Altagracia Amelia Cabral ; fotografías, Luis Nova, Ricardo Thorman, Rubén Román, Víctor Eugenio Cortina. |
| 246 ## - FORMA VARIANTE DE TÍTULO |
| Título propio/Titulo breve |
The XX century in dominican visual arts |
| 260 ## - PUBLICACIÓN, DISTRIBUCIÓN, ETC. |
| Lugar de publicación, distribución, etc. |
Santo Domingo : |
| Nombre del editor, distribuidor, etc. |
Corripio, |
| Fecha de publicación, distribución, etc. |
2002. |
| 300 ## - DESCRIPCIÓN FÍSICA |
| Extensión |
3 v.. : |
| Otras características físicas |
il., fots., retrs. ; |
| Dimensiones |
32 cm. |
| 500 ## - NOTA GENERAL |
| Nota general |
Texto en inglés y español |
| 505 0# - NOTA DE CONTENIDO CON FORMATO |
| Título |
Introducción, p. 63 -- |
| -- |
Primeros atisbos vanguardistas, p. 71 -- |
| -- |
El signo Jaime Colson y la estética del sacrificio a partir de 1930, p. 77 -- |
| -- |
La generación del 40, p. 83 -- |
| -- |
Fundación de la escuela nacional de Bellas Artes, p. 99 -- |
| -- |
Lo mejor de la generación del 50, p. 105 -- |
| -- |
Generación del 60, p. 135 -- |
| -- |
Escuelas, academias y otros movimientos, p. 161 -- |
| -- |
La acuarela y el dibujo, p. 167 -- |
| -- |
Paisajistas notables, p. 177 -- |
| -- |
Retratistas importantes, p. 187 -- |
| -- |
La cerámica, p. 209 -- |
| -- |
La escultura, p. 211 -- |
| -- |
Muralistas importantes, p. 219 -- |
| -- |
Contribución de artistas extranjeros al arte dominicano, p. 221 -- |
| -- |
Historia de la fotografía en Santiago de los Caballeros, p. 243 -- |
| -- |
La fotografía como realidad y arte, p. 247 -- |
| 505 0# - NOTA DE CONTENIDO CON FORMATO |
| Nota de contenido con formato |
v. 2 -- |
| Título |
Introducción, p. 5 -- |
| -- |
Generación de los 70, p. 13 -- |
| -- |
La gravitación de los artistas independientes, p. 65 -- |
| -- |
La generación del 80, p. 81 -- |
| -- |
Generación de los 90, p. 157 -- |
| -- |
Orígenes y evolución de la arquitectura dominicana, p. 173 -- |
| -- |
Historia y aportes de las galerías de arte, p. 209 -- |
| -- |
Museo de Arte Moderno, p. 229 -- |
| -- |
Museo Bellapart, p. 231 -- |
| -- |
Chavón y sus aportes, p. 241 -- |
| -- |
Coleccionistas, p. 243 -- |
| -- |
Los aportes de la crítica de arte, p. 245 -- |
| -- |
Asociación Dominicana de críticos de arte (ADCA), p. 249 -- |
| -- |
Colegio de artistas plásticos, p. 253 -- |
| -- |
Bienales nacionales, p. 255 -- |
| -- |
Bienales del caribe, p. 261 -- |
| -- |
Concursos de arte E. León Jimenes, p. 263 -- |
| 505 0# - NOTA DE CONTENIDO CON FORMATO |
| Nota de contenido con formato |
v. 3 -- |
| Título |
Biografías de los principales artistas de la plástica dominicana (1844-2000), p. 79 |
| 590 ## - NOTA LOCAL (RLIN) |
| Nota local |
Inventariado, 2022/ YL |
| 650 #4 - PUNTO DE ACCESO ADICIONAL DE MATERIA--TÉRMINO DE MATERIA |
| Término de materia o nombre geográfico como elemento de entrada |
Arte dominicano |
| Subdivisión cronológica |
Siglo XX |
| 9 (RLIN) |
23012 |
| 650 #4 - PUNTO DE ACCESO ADICIONAL DE MATERIA--TÉRMINO DE MATERIA |
| Término de materia o nombre geográfico como elemento de entrada |
Artistas dominicanos |
| Subdivisión cronológica |
Siglo XX |
| 9 (RLIN) |
82481 |
| Subdivisión de forma |
Biografías |
| -- |
Diccionarios |
| 700 1# - PUNTO DE ACCESO ADICIONAL--NOMBRE DE PERSONA |
| Nombre de persona |
Cabral, Altagracia Amelia |
| Término indicativo de función/relación |
tr. |
| 9 (RLIN) |
81436 |
| 700 1# - PUNTO DE ACCESO ADICIONAL--NOMBRE DE PERSONA |
| Nombre de persona |
Nova, Luis |
| Término indicativo de función/relación |
fots. |
| 9 (RLIN) |
81437 |
| 700 1# - PUNTO DE ACCESO ADICIONAL--NOMBRE DE PERSONA |
| Nombre de persona |
Thorman, Ricardo |
| Término indicativo de función/relación |
fots. |
| 9 (RLIN) |
59363 |
| 700 1# - PUNTO DE ACCESO ADICIONAL--NOMBRE DE PERSONA |
| Nombre de persona |
Román, Rubén |
| Término indicativo de función/relación |
fots. |
| 9 (RLIN) |
80716 |
| 700 1# - PUNTO DE ACCESO ADICIONAL--NOMBRE DE PERSONA |
| Nombre de persona |
Cortina, Víctor Eugenio |
| Término indicativo de función/relación |
fot. |
| 9 (RLIN) |
43781 |
| 910 ## - DATOS DE OPCIÓN DEL USUARIO (OCLC) |
| Datos de opción del usuario |
YLockward/Validado. Control de calidad MFF |
| 942 ## - ELEMENTOS DE PUNTO DE ACCESO ADICIONAL (KOHA) |
| Fuente del sistema de clasificación o colocación |
Dewey Decimal Classification |
| Tipo de ítem Koha |
Libro |